000 00429nam a2200145Ia 4500
008 180815s9999 xx 000 0 und d
020 _a71373616
100 _aO'neil, William J.
245 _cWilliam J. O'neil.--
_aHow to make money in stocks :
_ba winning system in good times or bad /
250 _a3rd ed
260 _aUSA :
_bMcGrow-Hill
_c2002
300 _axiii, 288 pages.
650 _aInvestments.
650 _aStocks.
999 _c358344
_d358344